Missing Word: Harry Potter Cast V Quiz Stats

 Plays Quiz Updated Jan 21, 2018

Challenge
Share
Tweet
Embed
Score 0/24 Timer 03:00
0 Plays Today
Answer % Correct
Train
93.8%
Love
91%
Count
90.3%
Finding
86.4%
Who
79.7%
State
79%
Interview
77.8%
Agent
76.3%
Dalmatians
74.2%
Park
70%
Week
67.8%
Death
48.9%
Answer % Correct
Children
47.8%
Michael
45.5%
Grace
41%
Jane
35.3%
Jones
35.1%
Holiday
34.1%
Buds
33.4%
Albert
22.5%
Wonderland
20.3%
Affair
16.7%
Gray
15.3%
True
11.1%

Today's Daily Dose

You're not logged in!

Compare scores with friends on all Sporcle quizzes.
Join for Free
OR
Log In

You Might Also Like...

Show Comments

Extras

Top Quizzes Today


Score Distribution

Your Account Isn't Verified!

In order to create a playlist on Sporcle, you need to verify the email address you used during registration. Go to your Sporcle Settings to finish the process.

Report this User

Report this user for behavior that violates our Community Guidelines.

Details: